<?xml version="1.0" encoding="UTF-8"?>
<collection xmlns="http://www.loc.gov/MARC21/slim">
 <record>
  <leader>01203nab a2200193 i 4500</leader>
  <controlfield tag="001">misc73017</controlfield>
  <controlfield tag="005">20231027134403.0</controlfield>
  <controlfield tag="008">231027s1995    hu      o     000   hun d</controlfield>
  <datafield tag="022" ind1=" " ind2=" ">
   <subfield code="a">0451-7490</subfield>
  </datafield>
  <datafield tag="040" ind1=" " ind2=" ">
   <subfield code="a">SZTE Miscellanea Repozitórium</subfield>
   <subfield code="b">hun</subfield>
  </datafield>
  <datafield tag="041" ind1=" " ind2=" ">
   <subfield code="a">hun</subfield>
  </datafield>
  <datafield tag="100" ind1="1" ind2=" ">
   <subfield code="a">Csóka Magda</subfield>
  </datafield>
  <datafield tag="245" ind1="1" ind2="0">
   <subfield code="a">Szérűskertiből Szent-Györgyi lett. Csak névcsere történt?</subfield>
   <subfield code="h">[elektronikus dokumentum] /</subfield>
   <subfield code="c"> Csóka Magda</subfield>
  </datafield>
  <datafield tag="260" ind1=" " ind2=" ">
   <subfield code="a">Factum '90 Lap- és Könyvkiadó  Kft.</subfield>
   <subfield code="c">1995-07-01</subfield>
  </datafield>
  <datafield tag="300" ind1=" " ind2=" ">
   <subfield code="a">7</subfield>
  </datafield>
  <datafield tag="490" ind1="0" ind2=" ">
   <subfield code="a">Képes Újság:Független Képes Hetilap</subfield>
   <subfield code="v">36 No. 26</subfield>
  </datafield>
  <datafield tag="520" ind1="3" ind2=" ">
   <subfield code="a">Fényképek: A Nobel-díjas tudós: dr. Szent-Györgyi Albert; Marcia Szent-Györgyi, akivel életének utolsó tizenhat esztendejét osztotta meg a Nobel-díjas tudós (Fotó: Antal István); A Szent-Györgyi Albert nevét viselő tanintézmények képviselői vállalkoztak a Nobel-díjas tudós szellemi és tárgyi hagyatékának ápolására… (Fotó: Antal István); Ünneplőben hallgatják a Szérűskert utcai iskola diákjai a névadójukról szóló előadásokat (Fotó: Antal István)</subfield>
  </datafield>
  <datafield tag="561" ind1=" " ind2=" ">
   <subfield code="a">Szent-Györgyi Albertről szóló irodalom</subfield>
  </datafield>
  <datafield tag="856" ind1="4" ind2="0">
   <subfield code="u">http://misc.bibl.u-szeged.hu/73017/1/szgya_1995_005.pdf</subfield>
   <subfield code="z">Dokumentum-elérés </subfield>
  </datafield>
 </record>
</collection>
